skbl

Dr Suryya Kumar Bhuyan Library Web-OPAC
ডঃ সূৰ্য্য
কুমাৰ ভূঞা পুথিভঁৰাল ৱেব-অ'পেক

All Research Scholars are advised to clear the annual library fees to continue using Library Resources, Remote Access, Plagiarism Test and Library Clearance.

Cotton University Book Fair 2026

Practice and Procedure of Indian Parliament / (Record no. 19111)

MARC details
000 -LEADER
fixed length control field 00537nam a2200193Ia 4500
001 - CONTROL NUMBER
control field 19129
008 - FIXED-LENGTH DATA ELEMENTS--GENERAL INFORMATION
fixed length control field 171214s1960 ii g b000 u 465 u
082 ## - DEWEY DECIMAL CLASSIFICATION NUMBER
Classification number 328.954
100 ## - MAIN ENTRY--PERSONAL NAME
Personal name More, S.S. .
245 #0 - TITLE STATEMENT
Title Practice and Procedure of Indian Parliament /
Statement of responsibility, etc. S.S.More.
Medium Textual Documents
250 ## - EDITION STATEMENT
Edition statement 1st ed. /
260 ## - PUBLICATION, DISTRIBUTION, ETC.
Place of publication, distribution, etc. Bombay :
Name of publisher, distributor, etc. Thacker & Co. Ltd. ,
Date of publication, distribution, etc. 1960.
300 ## - PHYSICAL DESCRIPTION
Extent xiv,569p. ;
Dimensions 22cm.
504 ## - BIBLIOGRAPHY, ETC. NOTE
Bibliography, etc. note index
653 ## - INDEX TERM--UNCONTROLLED
Uncontrolled term Indian Parliament
653 ## - INDEX TERM--UNCONTROLLED
Uncontrolled term Parliament-India
653 ## - INDEX TERM--UNCONTROLLED
Uncontrolled term T/G-Political science
942 ## - ADDED ENTRY ELEMENTS (KOHA)
Source of classification or shelving scheme Dewey Decimal Classification
Koha item type Books
Holdings
Withdrawn status Lost status Damaged status Not for loan Collection Home library Current library Shelving location Date acquired Coded location qualifier Total checkouts Full call number Barcode Date last seen Copy number Price effective from Koha item type
          Dr. Suryya Kumar Bhuyan Library Dr. Suryya Kumar Bhuyan Library   01/02/2012 00000   328.954 M 813 P 71431 13/01/2024 1 01/02/2012 Books

Designed and Maintained by Team SKBL
©1901-2026

Powered by Koha